000 00505nam a2200181Ia 4500
001 10260
005 20260306161819.0
008 260306t2011||||xx |||||||||||||| ||spa||
041 _aESP
082 _a910.285
_bP77
100 _aPonce Corona, Raul
_eAUT
245 0 _aLos SIG y los procesos de planeamiento participativo:
_bherramienta para una gestión territorial sustentable
260 _c2011
300 _a81 páginas :
_c22 cm.
650 _aGEN
654 _aCHU
942 _cLIB
_dJUS
_fJUS
_2ddc
_n
999 _c10260
_d10260